00523nam a2200193Ia 450000500170000000800410001702000150005808200210007310000130009424500230010726000310013030000160016165000090017765000100018665000150019694200060021195200970021799900150031420250203052813.0240331s9999 xx 000 0 und d a8171677991 bMEN24751a305.4 aMenon, D 0aArms and the Woman aNew DelhibRupa Co. c2002 axi, 275 p., aArmy aWomen aMotherhood cL 001040708LaWERCLbWERCLcSSCd2024-03-31l0o 305.4 MENp4751r2024-03-31w2024-03-31yL c1673d1673